00816nam a2200229 a 450000100060000000300080000600500170001400800410003103500190007204000270009104100080011808200250012624500720015126000300022330000340025350400380028765000380032570000530036394200120041699900170042895201410044570108BD-RjUL20211209081950.0170416s1968 enka b 001 0 eng d a(BD-RjUL)70320 aDLCcDLCdBD-RjULbeng aeng00a547.05223bPRI 196800aPrinciples of organometallic chemistrycG. E. Coates ... [et. all]. aLondon :bMethuen,c1968. axii, 259 p. :bill. ;c23 cm. aIncludes bibliographies and index 0aOrganometallic chemistry.92076341 aCoates, G. E.q(Geoffrey Edward),d1917-9207635 2ddccBK c70108d70108 00102ddc40718NFICaRUCLbRUCLcReadingd1973-09-06eBook Centreg41.80l0o547.05 PRI 1968r2017-04-16 00:00:00tC-1w2017-04-16yBK